00298nam a2200121Ia 45000030006000000080041000060400015000471000018000622450043000802600024001235460012001470050017001590STCL150530s9999 xx 000 0 und d aSTCLcSTCL aBrown Douglas aThomas Hardy;The mayor of Casterbridge bEdward Arnoldc1964 aEnglish20220125170851.0